000 01020nam a2200289 i 4500
001 bg
003 BPK
005 20190719095147.0
008 970612s1990 pl a f f |000 0 pol
015 _aPB 1991/1303
035 _a(OCoLC)749514016
040 _aWA N
_cWA N
080 _a53
080 _a(075.8+076)
245 0 0 _aĆwiczenia laboratoryjne z fizyki :
_bpraca zbiorowa /
_cpod ogólną red. Krystyna Kozłowskiego i Władysława Kolki ; Politechnika Gdańska.
250 _a[Wyd. 6].
260 _aGdańsk :
_bWydaw. PG,
_c1990.
300 _a294 s. :
_brys., wykr. ;
_c24 cm.
504 _aBibliogr. przy ćw.
650 4 _aFizyka
_xszkoły wyższe.
655 4 _aĆwiczenia i zadania dla szkół wyższych
700 1 _aKolka, Władysław.
_eRed.
700 1 _aKozłowski, Krystyn.
_eRed.
710 2 _aPolitechnika Gdańska.
_bWydawnictwo.
_4pbl.
856 _uhttp://koha.tu.koszalin.pl/cgi-bin/koha/opac-detail.pl?biblionumber=4293
_yKatalog online BPK
942 _2UKD
_cKS
999 _c4293
_d4293